US States that Don't Contain the Letter A - Statistics

General Stats
  • This quiz has been taken 249 times
    246 since last reset
  • The average score is 13 of 14
Answers on the Map
Answers color-coded by a green-red scale on the quiz's map according to % correct below.
 
Answer Stats
Answer % Correct
New Jersey
97%
New Mexico
97%
New York
97%
Kentucky
96%
Vermont
96%
Wyoming
96%
Oregon
95%
Mississippi
94%
Ohio
94%
Tennesse
94%
Missouri
91%
Illinois
90%
Wisconsin
90%
Connecticut
87%
No matching quizzes found
Score Distribution
Percent of People with Each Score
Percentile by Number Answered
Your Score History
You have not taken this quiz since the last reset